Stargate/Gwiezdne Wrota - Antybohaterowie - Statystyki

Ogólne statystyki
  • Ten quiz został rozwiązany 3 razy
  • Średni wynik to 17 z 56
Statystyki odpowiedzi
Grupa Postać % Poprawnych
Goa'uld Ba'al
100%
Goa'uld Anubis
67%
Goa'uld Apophis
67%
Goa'uld Camulus
67%
Goa'uld Cronus
67%
Goa'uld Hathor
67%
Widma Lastlight / Michael
67%
Goa'uld Ra
67%
Goa'uld Sokar
67%
Goa'uld Yu
67%
Ori Adria
33%
Goa'uld Amaterasu
33%
Goa'uld Ares
33%
Goa'uld Bastet
33%
Goa'uld Bynarr
33%
Replikatory Czwarty
33%
Ori Doci
33%
Replikatory Drugi
33%
Goa'uld Grannus
33%
Widma Guide / Todd
33%
Goa'uld Heru'ur
33%
Goa'uld Ishkur
33%
Goa'uld Kali
33%
Goa'uld Klorel
33%
Goa'uld Marduk
33%
Goa'uld Morrigan
33%
Goa'uld Nirrti
33%
Asuranie Oberoth
33%
Goa'uld Olokun
33%
Goa'uld Osiris
33%
Replikatory Ósmy
33%
Replikatory Piąty
33%
Replikatory Pierwszy
33%
Goa'uld Qetesh
33%
Replikatory Samantha Carter
33%
Goa'uld Svarog
33%
Replikatory Szósty
33%
Ori Tomin
33%
Replikatory Trzeci
33%
Genii Acastus Kolya
0%
Sojusz Lucian Anateo
0%
Genii Cowen
0%
Ori Damaris
0%
Ori Gerak
0%
Sojusz Lucian Ginn
0%
Sojusz Lucian Kefflin
0%
Sojusz Lucian Kiva
0%
Genii Ladon Radim
0%
Sojusz Lucian Netan
0%
Sojusz Lucian Odai Ventrell
0%
Genii Prenum
0%
Sojusz Lucian Simeon
0%
Genii Sora Tyrus
0%
Asuranie Talus
0%
Genii Tyrus
0%
Sojusz Lucian Varro
0%
Nie znaleziono quizów pasujących do podanych kryteriów
Rozkład punktacji
Procent ludzi z każdym wynikiem
Percentyl według liczby udzielonych odpowiedzi
Twoja historia wyników
Nie rozwiązałeś tego quizu